Lazarillo de Tormes / (Registro nro. 13268)

Detalles MARC
000 -LIDER
fixed length control field 00869nam a22002657a 4500
003 - IDENTIFICACDOR DE NÚMERO DE CONTROL
control field DO-SdBNP
005 - DATE AND TIME OF LATEST TRANSACTION
control field 20240719104456.0
008 - ELEMENTOS DE LONGITUD FIJA
fixed length control field 180205b2008 sp a || 00| 0 spa d
020 ## - ISBN
International Standard Book Number 9788431635466
040 ## - FUENTE DE CATALOGACIÓN
Agencia que crea de manera original el registro BPMSU
Idioma de catalogación spa
Agencia que realiza la transcripción BPMSU
082 #4 - NÚMERO DE CLASIFICACIÓN DECIMAL DE DEWEY
Classification number 863.3
Item number L431t 2008
Edition number 22
245 10 - MENCIÓN DE TITULO
Título Lazarillo de Tormes /
Mención de responsabilidad Anónimo ; edición y estudio de la obra Bienvenido Morros ; ilustración Rosario Valderrama
250 ## - MENCIÓN DE EDICION
Mención de edición
260 ## - PUBLICACIÓN, DISTRIBUCIÓN, ETC. (PIE DE IMPRENTA)
Lugar de publicación, distribución, etc Barcelona:
Nombre del editor, distribuidor, etc. Vicens Vives,
Fecha de publicación, distribución, etc 2008
Impresor
300 ## - DESCRIPCIÓN FÍSICA
Extensión 116, 36 p. :
Otros detalles físicos il. ;
Dimensiones 21 cm.
490 0# - MENCIÓN DE SERIES
Mención de serie Clásicos hispánicos,
Volume/sequential designation 4
590 ## - NOTA LOCAL
Texto de la nota local Inventariado, 2024/VM
650 #4 - ENCABEZAMIENTO DE MATERIA--TEMÁTICO
Término temático o nombre geográfico como elemento de entrada Novela española
650 #4 - ENCABEZAMIENTO DE MATERIA--TEMÁTICO
Término temático o nombre geográfico como elemento de entrada Novela picaresca española
650 #4 - ENCABEZAMIENTO DE MATERIA--TEMÁTICO
Término temático o nombre geográfico como elemento de entrada Literatura española
700 1# - ASIENTO SECUNDARIO -- NOMBRE PERSONAL
Nombre personal Morros, Bienvenido
Mención de responsabilidad editor
700 1# - ASIENTO SECUNDARIO -- NOMBRE PERSONAL
Nombre personal Valderrama, Rosario
Mención de responsabilidad ilustración
910 ## - VALIDACIÓN
Validación VMateo V. Control de calidad. BPMSU
942 ## - ADDED ENTRY ELEMENTS (KOHA)
Source of classification or shelving scheme Dewey Decimal Classification
Koha item type Libros
Existencias
Withdrawn status Lost status Source of classification or shelving scheme Damaged status Not for loan Collection code Home library Current library Date acquired Source of acquisition Total Checkouts Full call number Barcode Date last seen Price effective from Koha item type Copy number
    Dewey Decimal Classification     Colección Juvenil General Biblioteca Pública Metropolitana Salomé Ureña Biblioteca Pública Metropolitana Salomé Ureña 02/05/2018 FUNDI   BPMSU CJG 863.3 L431t 2008 BPMSU18020065 02/05/2018 02/05/2018 Libros  
    Dewey Decimal Classification     Colección Juvenil General Biblioteca Pública Metropolitana Salomé Ureña Biblioteca Pública Metropolitana Salomé Ureña 02/05/2018 FUNDI   BPMSU CJG 863.3 L431t 2008 BPMSU18020066 02/05/2018 02/05/2018 Libros e.2